[Event "DLM 2007"]
[Site "Verden/Aller GER"]
[Date "2007.10.01"]
[Round "4"]
[White "Mijatovic, Andrea"]
[Black "Günnigmann, Laura"]
[Result "1-0"]
[Termination "normal"]
[Board "1.6"]
[WhiteElo "1844"]
[BlackElo "1735"]
[WhiteTeam "Württemberg"]
[BlackTeam "Niedersachsen I"]
[PlyCount "137"]
[WhiteFideId "14514524"]
[EventCountry "GER"]
[EventRounds "7"]
[EventType "team-swiss"]
[EventDate "2007.09.28"]

1. e4 d5 2. exd5 Qxd5 3. Nc3 Qa5 4. d4 Nf6 5. Bc4 c6 6. Nge2 Bf5 7. O-O Nbd7 8.
Bd2 Qc7 9. Bf4 Qd8 10. Ng3 Bg6 11. Re1 Nb6 12. Bb3 Qd7 13. Nce4 O-O-O 14. c3
Nxe4 15. Nxe4 Bxe4 16. Rxe4 e6 17. Qe2 Nd5 18. Bg3 Bd6 19. Bxd6 Qxd6 20. Rd1
Qc7 21. Bxd5 cxd5 22. Re5 Kb8 23. f4 g6 24. g4 Rhg8 25. Kh1 Rd6 26. Rf1 Qc8 27.
f5 gxf5 28. gxf5 Qd7 29. fxe6 Rxe6 30. Rxf7 Qxf7 31. Rxe6 a6 32. a3 Ka7 33. Re3
Qf5 34. Rf3 Qg6 35. Rg3 Qb1+ 36. Kg2 Rxg3+ 37. hxg3 Qf5 38. g4 Qb1 39. Kg3 Qg1+
40. Kf4 Qc1+ 41. Kf5 h6 42. Kg6 Qg5+ 43. Kh7 Qf4 44. Qe6 Qg5 45. Qf5 Qh4 46.
Qxd5 Qxg4 47. Qc5+ Ka8 48. Qf8+ Ka7 49. Qxh6 Qd7+ 50. Qg7 Qh3+ 51. Kg8 Qe6+ 52.
Qf7 Qc8+ 53. Kg7 Qg4+ 54. Kf8 Qc8+ 55. Qe8 Qf5+ 56. Ke7 Qc2 57. Qc8 Qxb2 58.
Qc5+ Ka8 59. d5 Qe2+ 60. Kd7 Qg4+ 61. Kc7 Qg7+ 62. Kb6 Qf6+ 63. d6 Qe6 64. c4
Qh3 65. Kc7 Qh7+ 66. d7 Qh2+ 67. Qd6 Qh7 68. Qf8+ Ka7 69. Qb8# 1-0

[Event "DLM 2007"]
[Site "Verden/Aller GER"]
[Date "2007.10.01"]
[Round "4"]
[White "Düssler, Stefanie"]
[Black "Marquardt, Patrick"]
[Result "0-1"]
[Termination "normal"]
[Board "1.7"]
[WhiteElo "1493"]
[BlackElo "1768"]
[WhiteTeam "Niedersachsen I"]
[BlackTeam "Württemberg"]
[PlyCount "148"]
[WhiteFideId "4634780"]
[BlackFideId "4670086"]
[EventCountry "GER"]
[EventRounds "7"]
[EventType "team-swiss"]
[EventDate "2007.09.28"]

1. e4 c5 2. Nf3 a6 3. Nc3 Nc6 4. d3 g6 5. Be3 d6 6. Be2 Bg7 7. O-O Nf6 8. h3
O-O 9. Qd2 b5 10. Bh6 Qc7 11. Bxg7 Kxg7 12. Nh4 Nd4 13. f4 Bb7 14. Nf3 Rac8 15.
Rac1 b4 16. Nd1 Nxe2+ 17. Qxe2 d5 18. e5 Nh5 19. Qd2 Rcd8 20. d4 Ng3 21. Re1
Ne4 22. Qe3 c4 23. c3 a5 24. Nd2 bxc3 25. bxc3 Nxd2 26. Qxd2 Bc6 27. Rb1 Rb8
28. Ne3 e6 29. Qc2 Rfc8 30. Rec1 Qe7 31. Rxb8 Rxb8 32. Rb1 Ba4 33. Qc1 Rxb1 34.
Qxb1 Qa3 35. Qa1 Bb3 36. Qb1 Qxa2 37. Qxa2 Bxa2 38. Nc2 h5 39. h4 f6 40. Kf2
fxe5 41. fxe5 g5 42. g3 gxh4 43. gxh4 Kg6 44. Kf3 Bb3 45. Na3 Kf5 46. Kg3 Ke4
47. Nb5 a4 48. Na3 Kd3 49. Kf4 Bd1 50. Kg5 Bg4 51. Nb5 Kc2 52. Kf6 Kb3 53. Nc7
a3 54. Nxe6 Bxe6 55. Kxe6 a2 56. Kxd5 a1=Q 57. e6 Qa8+ 58. Kd6 Qe8 59. e7 Kxc3
60. d5 Kd4 61. Ke6 Qg6+ 62. Kd7 Kxd5 63. e8=Q Qxe8+ 64. Kxe8 c3 65. Kf7 c2 66.
Kg6 c1=Q 67. Kxh5 Qf4 68. Kg6 Qxh4 69. Kf5 Qe4+ 70. Kf6 Qe5+ 71. Kg6 Ke6 72.
Kh6 Qg3 73. Kh7 Kf7 74. Kh8 Qh2# 0-1

[Event "DLM 2007"]
[Site "Verden/Aller GER"]
[Date "2007.10.01"]
[Round "4"]
[White "Schäfer, Daniela"]
[Black "Rethmann, Kristin"]
[Result "1-0"]
[Termination "normal"]
[Board "1.8"]
[WhiteElo "1569"]
[BlackElo "1363"]
[WhiteTeam "Württemberg"]
[BlackTeam "Niedersachsen I"]
[PlyCount "89"]
[WhiteFideId "4624769"]
[BlackFideId "24655805"]
[EventCountry "GER"]
[EventRounds "7"]
[EventType "team-swiss"]
[EventDate "2007.09.28"]

1. e4 d5 2. exd5 Qxd5 3. Nc3 Qa5 4. d4 Nf6 5. Bd2 c6 6. Nf3 Bg4 7. Be2 Nbd7 8.
O-O Qc7 9. h3 Bh5 10. Re1 e6 11. Ng5 Bg6 12. Bc4 Be7 13. Bxe6 fxe6 14. Nxe6 Qc8
15. Qe2 Kf7 16. Ng5+ Kg8 17. Qxe7 h6 18. Nge4 Kh7 19. Nd6 Qb8 20. Nce4 Qd8 21.
Nxf6+ Nxf6 22. c4 Qb6 23. Bc3 Rhf8 24. f3 Kg8 25. Qxb7 Rad8 26. Qxb6 axb6 27.
Bb4 Rd7 28. Ne4 Rfd8 29. Nxf6+ gxf6 30. Be7 Ra8 31. Bxf6 Kf7 32. Be5 Ra5 33. a3
Bd3 34. b3 Ra8 35. Re3 Bf5 36. g4 Bh7 37. f4 Re8 38. Rae1 Kg6 39. h4 h5 40. f5+
Kh6 41. Bf4+ Kg7 42. Rxe8 Rxd4 43. Be5+ Kf7 44. Bxd4 hxg4 45. R1e7# 1-0

[Event "DLM 2007"]
[Site "Verden/Aller GER"]
[Date "2007.10.01"]
[Round "4"]
[White "Holloway, Timo"]
[Black "Kaczmarczyk, Dennis"]
[Result "1-0"]
[Termination "normal"]
[Board "2.1"]
[WhiteElo "2092"]
[BlackElo "2135"]
[WhiteTeam "Niedersachsen II"]
[BlackTeam "Baden"]
[PlyCount "75"]
[WhiteFideId "24631426"]
[BlackFideId "24608297"]
[EventCountry "GER"]
[EventRounds "7"]
[EventType "team-swiss"]
[EventDate "2007.09.28"]

1. e4 c5 2. Nf3 a6 3. c3 d5 4. exd5 Qxd5 5. d4 e6 6. Bd3 Nf6 7. O-O Nc6 8. Re1
Be7 9. c4 Qd8 10. dxc5 Bxc5 11. Nc3 O-O 12. a3 Qc7 13. b4 Be7 14. Bb2 b6 15.
Ne4 Bb7 16. Nxf6+ Bxf6 17. Bxf6 gxf6 18. Re3 Rfd8 19. Qc2 f5 20. Qc3 Ne7 21.
Ne5 Nd5 22. Rg3+ Kf8 23. Qb2 Nf4 24. Bf1 f6 25. Nd3 Nh5 26. Rh3 Qf7 27. Qe2
Rxd3 28. Qxd3 Ke8 29. Qe3 e5 30. Rxh5 Qxh5 31. Qxb6 Qf7 32. Rd1 Kf8 33. c5 Be4
34. c6 Qe6 35. Qc5+ Kg7 36. c7 Bb7 37. Rd8 Rc8 38. Bc4 1-0

[Event "DLM 2007"]
[Site "Verden/Aller GER"]
[Date "2007.10.01"]
[Round "4"]
[White "Hirschberg, Valerian"]
[Black "Bradler, Stephan"]
[Result "1-0"]
[Termination "normal"]
[Board "2.2"]
[WhiteElo "2026"]
[BlackElo "1851"]
[WhiteTeam "Baden"]
[BlackTeam "Niedersachsen II"]
[PlyCount "73"]
[WhiteFideId "24628492"]
[BlackFideId "24629367"]
[EventCountry "GER"]
[EventRounds "7"]
[EventType "team-swiss"]
[EventDate "2007.09.28"]

1. d4 Nf6 2. Nf3 g6 3. g3 Bg7 4. Bg2 O-O 5. c4 c5 6. O-O d6 7. Nc3 Nc6 8. d5
Na5 9. Nd2 a6 10. Qc2 Rb8 11. b3 b5 12. Rb1 Bh6 13. cxb5 axb5 14. b4 Bxd2 15.
Qxd2 Nc4 16. Qd1 Ba6 17. e4 Nd7 18. h4 cxb4 19. Ne2 Qa5 20. Nd4 Rfc8 21. Bh3
Qxa2 22. Bf4 Nc5 23. Bxc8 Rxc8 24. Nc6 Rc7 25. Nxb4 Qa5 26. Nxa6 Qxa6 27. Ra1
Qb7 28. Qc2 Na4 29. Rfc1 Rc5 30. Qb3 Na5 31. Qb4 Qa6 32. Be3 Rc4 33. Rxc4 Nxc4
34. Bh6 Qa5 35. Qb3 f6 36. Rb1 Nc3 37. Qxc4 1-0

[Event "DLM 2007"]
[Site "Verden/Aller GER"]
[Date "2007.10.01"]
[Round "4"]
[White "Kyas, Marcel"]
[Black "Petermann, Michail"]
[Result "1-0"]
[Termination "normal"]
[Board "2.3"]
[WhiteElo "1952"]
[BlackElo "2006"]
[WhiteTeam "Niedersachsen II"]
[BlackTeam "Baden"]
[PlyCount "127"]
[WhiteFideId "24642037"]
[BlackFideId "24643530"]
[EventCountry "GER"]
[EventRounds "7"]
[EventType "team-swiss"]
[EventDate "2007.09.28"]

1. e4 c5 2. Nf3 a6 3. c3 d5 4. exd5 Qxd5 5. d4 e6 6. Bd3 Nf6 7. O-O Nc6 8. Re1
Be7 9. c4 Qd8 10. dxc5 Bxc5 11. Bg5 Nb4 12. Bxf6 gxf6 13. Be2 Qxd1 14. Bxd1 Rg8
15. Ba4+ Bd7 16. Bxd7+ Kxd7 17. Rd1+ Ke7 18. Nc3 Rad8 19. Kf1 Rxd1+ 20. Rxd1
Nc6 21. Ne4 Ba7 22. Rd7+ Kxd7 23. Nxf6+ Kd6 24. Nxg8 Nb4 25. Nf6 h6 26. h4 Nd3
27. Ng4 h5 28. Nf6 Nxb2 29. Nxh5 Nxc4 30. Ng3 f5 31. h5 Ke7 32. h6 Kf6 33. h7
Kg7 34. Ng5 Bb8 35. Nh5+ Kh8 36. Nf6 Ne5 37. f4 Ng6 38. g3 e5 39. Nd7 exf4 40.
Nxb8 fxg3 41. Nd7 Kg7 42. Kg2 f4 43. Kf3 b5 44. Nc5 a5 45. Nce6+ Kh8 46. Nxf4
Nxf4 47. Kxf4 g2 48. Nf3 b4 49. Kg3 Kxh7 50. Kxg2 Kg6 51. Kf2 Kf6 52. Ke3 Ke6
53. Kd4 Kd6 54. Ne5 a4 55. Nd3 b3 56. a3 Kc6 57. Kc4 Kd6 58. Kb4 Kd5 59. Nb2
Kd4 60. Nxa4 Kd5 61. Kxb3 Kc6 62. Kb4 Kb7 63. Kb5 Ka7 64. Nc5 1-0

[Event "DLM 2007"]
[Site "Verden/Aller GER"]
[Date "2007.10.01"]
[Round "4"]
[White "Sarchisov, Slavik"]
[Black "Günnigmann, Manuel"]
[Result "0-1"]
[Termination "normal"]
[Board "2.4"]
[WhiteElo "1842"]
[BlackElo "1969"]
[WhiteTeam "Baden"]
[BlackTeam "Niedersachsen II"]
[PlyCount "80"]
[WhiteFideId "24647888"]
[BlackFideId "24640360"]
[EventCountry "GER"]
[EventRounds "7"]
[EventType "team-swiss"]
[EventDate "2007.09.28"]

1. e4 c5 2. Nf3 d6 3. d4 cxd4 4. Nxd4 Nf6 5. Nc3 a6 6. a4 e6 7. f4 Nc6 8. Nf3
Qc7 9. Bd3 Be7 10. O-O O-O 11. Kh1 b6 12. Qe1 Nd7 13. Qg3 Nb4 14. Bd2 Bb7 15.
Rae1 Nc5 16. Nd4 Ncxd3 17. cxd3 Nc6 18. Nce2 Bf6 19. Rc1 Qd7 20. Nxc6 Bxc6 21.
e5 Be7 22. Bc3 dxe5 23. fxe5 Rad8 24. Nd4 Bb7 25. Rf2 Qd5 26. Re1 b5 27. axb5
axb5 28. Rf4 b4 29. Bd2 Bc5 30. Nf3 Qxd3 31. Bxb4 Bxb4 32. Rxb4 Bxf3 33. gxf3
Qc2 34. Rg1 g6 35. Qh3 Qe2 36. Rh4 Rd3 37. Rxh7 Qxf3+ 38. Qxf3 Rxf3 39. Rh5 Rb8
40. Rg2 Rf1+ 0-1

[Event "DLM 2007"]
[Site "Verden/Aller GER"]
[Date "2007.10.01"]
[Round "4"]
[White "Schreiner, Till"]
[Black "Frey, Alisa"]
[Result "1/2-1/2"]
[Termination "normal"]
[Board "2.5"]
[WhiteElo "2003"]
[BlackElo "1920"]
[WhiteTeam "Niedersachsen II"]
[BlackTeam "Baden"]
[PlyCount "40"]
[WhiteFideId "24675555"]
[BlackFideId "24634662"]
[EventCountry "GER"]
[EventRounds "7"]
[EventType "team-swiss"]
[EventDate "2007.09.28"]

1. d4 Nf6 2. c4 e6 3. Nc3 Bb4 4. e3 O-O 5. Bd3 c5 6. Nf3 d5 7. O-O dxc4 8. Bxc4
cxd4 9. exd4 b6 10. Bg5 Bb7 11. a3 Be7 12. Qe2 Nbd7 13. Rfd1 Re8 14. Ne5 Nd5
15. Bxe7 Qxe7 16. Nxd5 Bxd5 17. Bb5 Nxe5 18. dxe5 Red8 19. Bc4 Bb7 20. Ba6 Bd5
1/2-1/2

[Event "DLM 2007"]
[Site "Verden/Aller GER"]
[Date "2007.10.01"]
[Round "4"]
[White "Mai, Felicitas"]
[Black "Kühnel, Lena"]
[Result "0-1"]
[Termination "normal"]
[Board "2.7"]
[WhiteElo "1616"]
[BlackElo "1639"]
[WhiteTeam "Niedersachsen II"]
[BlackTeam "Baden"]
[PlyCount "54"]
[WhiteFideId "4635345"]
[BlackFideId "24640956"]
[EventCountry "GER"]
[EventRounds "7"]
[EventType "team-swiss"]
[EventDate "2007.09.28"]

1. e4 e5 2. Nc3 Nf6 3. Bc4 Nxe4 4. Nxe4 d5 5. Bd3 dxe4 6. Bxe4 f5 7. Bd3 Bc5 8.
Ne2 Nc6 9. b3 a6 10. Nc3 O-O 11. Bb2 Qg5 12. O-O Be6 13. Re1 e4 14. Bxe4 fxe4
15. Nxe4 Qf5 16. Nxc5 Qxf2+ 17. Kh1 Bd5 18. Ne4 Qh4 19. d3 Rae8 20. c4 Bxe4 21.
dxe4 Rf2 22. Qd7 Qe7 23. Qxe7 Rxe7 24. Ba3 Rd7 25. Kg1 Rdd2 26. e5 Rxg2+ 27.
Kf1 Rdf2# 0-1

[Event "DLM 2007"]
[Site "Verden/Aller GER"]
[Date "2007.10.01"]
[Round "4"]
[White "Schmitt, Katrin"]
[Black "Flacke, Leonie"]
[Result "1/2-1/2"]
[Termination "normal"]
[Board "2.8"]
[WhiteElo "1430"]
[BlackElo "1052"]
[WhiteTeam "Baden"]
[BlackTeam "Niedersachsen II"]
[PlyCount "111"]
[WhiteFideId "24654400"]
[EventCountry "GER"]
[EventRounds "7"]
[EventType "team-swiss"]
[EventDate "2007.09.28"]

1. e4 e5 2. Nf3 Nc6 3. d4 exd4 4. Nxd4 Bc5 5. Be3 Qf6 6. c3 Nge7 7. Bc4 O-O 8.
O-O d6 9. Nxc6 Nxc6 10. Bxc5 dxc5 11. Nd2 Be6 12. Be2 Rad8 13. Qc2 Qg6 14. Kh1
f5 15. f3 f4 16. Rad1 Rf6 17. Nb3 Rxd1 18. Rxd1 Qg5 19. Bb5 Ne7 20. Bd7 Kf7 21.
Bxe6+ Rxe6 22. Qf2 b6 23. Qe2 Ng6 24. Rd7+ Re7 25. Rxe7+ Kxe7 26. Qd2 Nh4 27.
Na1 Ke8 28. Nc2 Qd8 29. Qxd8+ Kxd8 30. Na3 Kc8 31. Kg1 Ng6 32. Nc4 b5 33. Na3
a6 34. Kf2 Kd7 35. Ke2 Kd6 36. Nc2 Ne5 37. b3 c4 38. b4 h6 39. Nd4 g6 40. Kd2
c5 41. bxc5+ Kxc5 42. Ne6+ Kb6 43. Nxf4 g5 44. Nd5+ Kc5 45. Nb4 a5 46. Nd5 b4
47. cxb4+ axb4 48. Kc2 h5 49. Nf6 h4 50. Nh7 g4 51. f4 Ng6 52. f5 Ne5 53. Ng5
Kd4 54. f6 g3 55. hxg3 hxg3 56. f7 1/2-1/2

[Event "DLM 2007"]
[Site "Verden/Aller GER"]
[Date "2007.10.01"]
[Round "4"]
[White "Hoffmann, Udo"]
[Black "Geske, Julian"]
[Result "1/2-1/2"]
[Termination "normal"]
[Board "3.1"]
[WhiteElo "2218"]
[BlackElo "2212"]
[WhiteTeam "Nordrhein-Westfalen"]
[BlackTeam "Hessen"]
[PlyCount "38"]
[WhiteFideId "24605735"]
[BlackFideId "24605263"]
[EventCountry "GER"]
[EventRounds "7"]
[EventType "team-swiss"]
[EventDate "2007.09.28"]

1. f4 Nf6 2. Nf3 g6 3. Nc3 d5 4. e3 Bg7 5. Be2 c5 6. d3 O-O 7. O-O d4 8. Ne4 b6
9. Nxf6+ Bxf6 10. Qe1 Nc6 11. Ng5 h6 12. Bf3 Bb7 13. Ne4 Bg7 14. Rb1 dxe3 15.
Bxe3 Nd4 16. Bxd4 Qxd4+ 17. Kh1 Qd7 18. Qe2 Rad8 19. Nd2 e6 1/2-1/2

[Event "DLM 2007"]
[Site "Verden/Aller GER"]
[Date "2007.10.01"]
[Round "4"]
[White "Fink, Leander"]
[Black "Rehberg, Raphael"]
[Result "0-1"]
[Termination "normal"]
[Board "3.2"]
[WhiteElo "2095"]
[BlackElo "2237"]
[WhiteTeam "Hessen"]
[BlackTeam "Nordrhein-Westfalen"]
[PlyCount "86"]
[WhiteFideId "24605247"]
[BlackFideId "4686799"]
[EventCountry "GER"]
[EventRounds "7"]
[EventType "team-swiss"]
[EventDate "2007.09.28"]

1. e4 c5 2. Nf3 e6 3. c3 Nf6 4. e5 Nd5 5. d4 cxd4 6. cxd4 d6 7. a3 Nc6 8. Bd3
Qc7 9. O-O Be7 10. Re1 Bd7 11. Nbd2 dxe5 12. dxe5 Nf4 13. Bb1 Ng6 14. Qe2 Rc8
15. Ba2 O-O 16. Ne4 Rfd8 17. h4 b5 18. Nd6 Bxd6 19. exd6 Qxd6 20. Bg5 f6 21.
Rad1 Qe7 22. Bd2 Nge5 23. Nxe5 Nxe5 24. Bb4 Qf7 25. f4 Nc4 26. Bxc4 Rxc4 27.
Qd2 Qg6 28. Qd3 Rxf4 29. Ba5 Re8 30. Qxd7 e5 31. Qxb5 Rxh4 32. Qd5+ Kh8 33. Qd7
Rg8 34. Qxa7 Qg3 35. Qe3 Qh2+ 36. Kf2 Rf4+ 37. Ke2 Qxg2+ 38. Kd3 Rf3 39. Rd2
Qg6+ 40. Ke2 Rxe3+ 41. Kxe3 f5 42. b4 f4+ 43. Ke2 e4 0-1

[Event "DLM 2007"]
[Site "Verden/Aller GER"]
[Date "2007.10.01"]
[Round "4"]
[White "Tkachuk, Konstantyn"]
[Black "Sergin, Mark"]
[Result "0-1"]
[Termination "normal"]
[Board "3.3"]
[WhiteElo "2141"]
[BlackElo "2070"]
[WhiteTeam "Nordrhein-Westfalen"]
[BlackTeam "Hessen"]
[PlyCount "70"]
[WhiteFideId "24647330"]
[BlackFideId "24615307"]
[EventCountry "GER"]
[EventRounds "7"]
[EventType "team-swiss"]
[EventDate "2007.09.28"]

1. e4 c5 2. Nf3 e6 3. d4 cxd4 4. Nxd4 Nc6 5. c4 Nf6 6. Nc3 Bb4 7. Nxc6 bxc6 8.
Bd3 e5 9. O-O Bc5 10. Na4 Bd4 11. c5 Rb8 12. Rb1 h6 13. b3 d6 14. cxd6 Qxd6 15.
Bb2 c5 16. Ba3 Bb7 17. Qc2 Rc8 18. Bb5+ Bc6 19. Bxc6+ Qxc6 20. Rfe1 O-O 21.
Rbc1 Nd7 22. Kh1 Qg6 23. Qe2 f5 24. exf5 Rxf5 25. f3 Qg3 26. Bb2 Rh5 27. h3 Rf8
28. Qf1 Rxf3 29. Qc4+ Kh8 30. Re2 Bf2 31. Qe6 Nf8 32. Qc8 Rff5 33. Bxe5 Rxh3+
34. gxh3 Qxh3+ 35. Bh2 Qf3# 0-1

[Event "DLM 2007"]
[Site "Verden/Aller GER"]
[Date "2007.10.01"]
[Round "4"]
[White "Aslan, Benjamin"]
[Black "Kotainy, Jens"]
[Result "1/2-1/2"]
[Termination "normal"]
[Board "3.4"]
[WhiteElo "1965"]
[BlackElo "2032"]
[WhiteTeam "Hessen"]
[BlackTeam "Nordrhein-Westfalen"]
[PlyCount "28"]
[WhiteFideId "24640298"]
[BlackFideId "24670499"]
[EventCountry "GER"]
[EventRounds "7"]
[EventType "team-swiss"]
[EventDate "2007.09.28"]

1. d4 d5 2. c4 e5 3. dxe5 d4 4. Nf3 Nc6 5. a3 Bg4 6. Nbd2 Qe7 7. g3 O-O-O 8.
Bg2 d3 9. O-O Nxe5 10. Re1 dxe2 11. Qxe2 Nxf3+ 12. Bxf3 Qxe2 13. Rxe2 Nf6 14.
b4 c5 1/2-1/2

[Event "DLM 2007"]
[Site "Verden/Aller GER"]
[Date "2007.10.01"]
[Round "4"]
[White "Blübaum, Johanna"]
[Black "Göbel, Constantin"]
[Result "1-0"]
[Termination "normal"]
[Board "3.5"]
[WhiteElo "1946"]
[BlackElo "1846"]
[WhiteTeam "Nordrhein-Westfalen"]
[BlackTeam "Hessen"]
[PlyCount "67"]
[WhiteFideId "24647373"]
[BlackFideId "24647071"]
[EventCountry "GER"]
[EventRounds "7"]
[EventType "team-swiss"]
[EventDate "2007.09.28"]

1. d4 d5 2. c4 e6 3. Nc3 c5 4. cxd5 exd5 5. Nf3 Nc6 6. Bf4 Nf6 7. e3 a6 8. Be2
Be7 9. O-O O-O 10. dxc5 Be6 11. Na4 Ne4 12. Rc1 Re8 13. a3 Bf8 14. b4 g5 15.
Bg3 Nxg3 16. hxg3 Qe7 17. Nd4 Nxd4 18. Qxd4 Bg7 19. Qd1 Rad8 20. Bg4 d4 21.
Bxe6 Qxe6 22. exd4 Rxd4 23. Qf3 Qd7 24. Nb6 Qe7 25. Nc4 g4 26. Qf5 Qc7 27. Rfd1
Rxd1+ 28. Rxd1 Qc8 29. Qxc8 Rxc8 30. Rd7 b5 31. Nd6 Rc6 32. Kf1 Bb2 33. Nf5 h5
34. Ne7+ 1-0

[Event "DLM 2007"]
[Site "Verden/Aller GER"]
[Date "2007.10.01"]
[Round "4"]
[White "Öz, Eda"]
[Black "Neumair, Jerome"]
[Result "1/2-1/2"]
[Termination "normal"]
[Board "3.6"]
[WhiteElo "1536"]
[BlackElo "1909"]
[WhiteTeam "Hessen"]
[BlackTeam "Nordrhein-Westfalen"]
[PlyCount "80"]
[WhiteFideId "24672963"]
[BlackFideId "24672637"]
[EventCountry "GER"]
[EventRounds "7"]
[EventType "team-swiss"]
[EventDate "2007.09.28"]

1. e4 e6 2. Nf3 d5 3. Nc3 Nf6 4. e5 Nfd7 5. d4 c5 6. dxc5 Nc6 7. Bf4 Bxc5 8.
Bd3 Be7 9. Qe2 a6 10. O-O Nc5 11. Rfe1 Nxd3 12. Qxd3 b5 13. Ne2 O-O 14. Ned4
Nxd4 15. Nxd4 Bb7 16. Re3 Bg5 17. Rh3 h6 18. Qg3 Bxf4 19. Qxf4 Qe7 20. Rd1 Rfc8
21. Rdd3 Qb4 22. Qc1 Kf8 23. Rhf3 Ke7 24. Kf1 Rg8 25. Qf4 Kd7 26. Qxf7+ Qe7 27.
Rc3 Rac8 28. Qxe7+ Kxe7 29. Ke2 Rc4 30. Rcd3 Rcc8 31. Rf4 Bc6 32. Ra3 Bd7 33.
Rxa6 Rc4 34. Ra7 g5 35. b3 Rxc2+ 36. Nxc2 gxf4 37. Kf3 Rg5 38. Nd4 Kd8 39. Ra8+
Ke7 40. Ra7 Kd8 1/2-1/2

[Event "DLM 2007"]
[Site "Verden/Aller GER"]
[Date "2007.10.01"]
[Round "4"]
[White "Strößner, Lena"]
[Black "Schultheiß, Vera"]
[Result "1-0"]
[Termination "normal"]
[Board "3.7"]
[WhiteElo "1744"]
[BlackElo "1380"]
[WhiteTeam "Nordrhein-Westfalen"]
[BlackTeam "Hessen"]
[PlyCount "101"]
[WhiteFideId "4623525"]
[EventCountry "GER"]
[EventRounds "7"]
[EventType "team-swiss"]
[EventDate "2007.09.28"]

1. Nf3 Nc6 2. d4 d5 3. Bf4 Bg4 4. e3 e6 5. c4 Bb4+ 6. Nc3 Nge7 7. Rc1 O-O 8. c5
a6 9. Be2 Ng6 10. Bg3 f6 11. O-O Bxc3 12. Rxc3 Qd7 13. h3 Bxf3 14. Bxf3 Rfd8
15. a3 e5 16. b4 Nce7 17. Qb3 Nf5 18. Bg4 exd4 19. exd4 Nge7 20. Re1 Qc6 21.
Qb1 Nxg3 22. Rxg3 Ng6 23. Bf5 Re8 24. Rxe8+ Qxe8 25. Re3 Qd8 26. Bxg6 hxg6 27.
Qxg6 Qf8 28. Qf5 c6 29. Qd7 Qc8 30. Qe7 Rb8 31. Rg3 Qf8 32. Qc7 Kh8 33. Rxg7
Qxg7 34. Qxb8+ Kh7 35. Qg3 Qe7 36. Kf1 Qf7 37. Ke2 Qh5+ 38. Qg4 Qe8+ 39. Kd2
Qf7 40. Qf5+ Kg8 41. g4 Qg7 42. Qh5 Qe7 43. Qg6+ Kf8 44. h4 Qe6 45. h5 Qe7 46.
h6 Qf7 47. Qxf7+ Kxf7 48. Ke3 Kg6 49. Kf4 Kxh6 50. Kf5 Kg7 51. Ke6 1-0

[Event "DLM 2007"]
[Site "Verden/Aller GER"]
[Date "2007.10.01"]
[Round "4"]
[White "Bluhm, Sonja"]
[Black "Rozenfeld, Elisabeth"]
[Result "1-0"]
[Termination "normal"]
[Board "3.8"]
[WhiteElo "1346"]
[BlackElo "1491"]
[WhiteTeam "Hessen"]
[BlackTeam "Nordrhein-Westfalen"]
[PlyCount "91"]
[WhiteFideId "24654027"]
[BlackFideId "4624742"]
[EventCountry "GER"]
[EventRounds "7"]
[EventType "team-swiss"]
[EventDate "2007.09.28"]

1. e4 e5 2. Bc4 Nf6 3. d3 d5 4. exd5 Nxd5 5. Nf3 Nc6 6. O-O Bc5 7. Re1 Bg4 8.
Nbd2 O-O 9. Nf1 Qd6 10. Ng3 Rad8 11. h3 Bxf3 12. Qxf3 Nd4 13. Qd1 Kh8 14. Ne4
Qe7 15. Nxc5 Qxc5 16. Rxe5 Qc6 17. c3 Ne6 18. Qf3 Ne7 19. Qxc6 Nxc6 20. Re1
Rfe8 21. Bd2 Kg8 22. b4 Nf8 23. f4 Nd7 24. d4 a6 25. a4 Nb6 26. Bb3 h6 27. Kf2
Ne7 28. g4 Nbd5 29. c4 Nf6 30. d5 c6 31. Bc3 Ng6 32. Bxf6 gxf6 33. Kg3 cxd5 34.
cxd5 Ne7 35. Kf3 Kf8 36. Rad1 Nxd5 37. Rxe8+ Kxe8 38. Rxd5 Rc8 39. Rc5 Rd8 40.
Ke4 Kf8 41. Rc7 Re8+ 42. Kf3 Rd8 43. Rxf7+ Ke8 44. Ke4 Rc8 45. Rxf6 Rc3 46. Bd5
1-0

[Event "DLM 2007"]
[Site "Verden/Aller GER"]
[Date "2007.10.01"]
[Round "4"]
[White "Ollenberger, Roland"]
[Black "Becker, Carsten"]
[Result "0-1"]
[Termination "normal"]
[Board "4.1"]
[WhiteElo "2129"]
[BlackElo "1955"]
[WhiteTeam "Rheinland-Pfalz"]
[BlackTeam "Saarland"]
[PlyCount "52"]
[WhiteFideId "24608440"]
[BlackFideId "24646822"]
[EventCountry "GER"]
[EventRounds "7"]
[EventType "team-swiss"]
[EventDate "2007.09.28"]

1. e4 e6 2. d4 d5 3. Nc3 dxe4 4. Nxe4 Bd7 5. Bd3 Bc6 6. Nf3 Nd7 7. c3 Ngf6 8.
Ng3 Bd6 9. O-O O-O 10. Re1 Bxf3 11. Qxf3 c6 12. Bg5 Re8 13. Re3 Be7 14. c4 Qb6
15. Rd1 Qxb2 16. Bb1 Qb6 17. Nh5 Qa5 18. c5 Qd8 19. Nxg7 Kxg7 20. Qh3 Rg8 21.
Qh6+ Kh8 22. Rh3 Rg7 23. Rdd3 Ng4 24. Bxe7 Qxe7 25. Qf4 Qg5 26. Qf3 Nge5 0-1

[Event "DLM 2007"]
[Site "Verden/Aller GER"]
[Date "2007.10.01"]
[Round "4"]
[White "Dietzen, Corinna"]
[Black "Dann, Matthias"]
[Result "0-1"]
[Termination "normal"]
[Board "4.2"]
[WhiteElo "2034"]
[BlackElo "2109"]
[WhiteTeam "Saarland"]
[BlackTeam "Rheinland-Pfalz"]
[PlyCount "62"]
[WhiteFideId "24621021"]
[BlackFideId "24638056"]
[EventCountry "GER"]
[EventRounds "7"]
[EventType "team-swiss"]
[EventDate "2007.09.28"]

1. e4 e6 2. d4 d5 3. Nd2 Nc6 4. Ngf3 Nf6 5. e5 Nd7 6. c3 f6 7. Bb5 fxe5 8. dxe5
Be7 9. O-O O-O 10. Re1 Qe8 11. Nf1 Nc5 12. Ng3 a6 13. Bf1 b5 14. b3 Bd7 15. Be3
Rd8 16. Qc2 a5 17. a3 a4 18. b4 Nb3 19. Rad1 Rxf3 20. gxf3 Nxe5 21. Kg2 Qf7 22.
Be2 Rf8 23. f4 Ng6 24. Bh5 Nxf4+ 25. Bxf4 Qxf4 26. Re3 Bf6 27. Kg1 c6 28. Kh1
e5 29. Rg1 Be6 30. Bf3 e4 31. Bg2 Be5 0-1

[Event "DLM 2007"]
[Site "Verden/Aller GER"]
[Date "2007.10.01"]
[Round "4"]
[White "Gölz, Daniel"]
[Black "Panflenko, Wladimir"]
[Result "1-0"]
[Termination "normal"]
[Board "4.3"]
[WhiteElo "1974"]
[BlackElo "1766"]
[WhiteTeam "Rheinland-Pfalz"]
[BlackTeam "Saarland"]
[PlyCount "45"]
[WhiteFideId "24626325"]
[BlackFideId "4658299"]
[EventCountry "GER"]
[EventRounds "7"]
[EventType "team-swiss"]
[EventDate "2007.09.28"]

1. e4 d5 2. exd5 Qxd5 3. Nc3 Qa5 4. d4 c6 5. Bc4 Bf5 6. Nge2 e6 7. Ng3 Bg6 8.
O-O Bd6 9. Nce4 Bxg3 10. Nxg3 Qc7 11. f4 Ne7 12. Qe2 O-O 13. c3 Nd7 14. Bxe6
fxe6 15. Qxe6+ Rf7 16. f5 Nf8 17. Qb3 Bxf5 18. Nxf5 Nxf5 19. Rxf5 Ng6 20. Bd2
Re8 21. Raf1 Ree7 22. Bg5 Rd7 23. Bd8 1-0